Statistiques concernant Qui a été le Ministre de qui ? #2

Cliquez ici pour prendre le quiz!

Statistiques générales

  • Ce quiz a été pris 61 fois
    (33 depuis la dernière actualisation)
  • Le résultat moyen est 9 sur 12

Statistiques - réponses

QuestionRéponse% Correct
Sous quel Président Nicolas Sarkozy a été Ministre de l'Intérieur ?Jacques Chirac
100%
Sous quel Président Jack Lang a été Ministre de la culture et de la communication ?François Mitterrand
93%
Sous quel Président Jean-Michel Blanquer a été Ministre de l'Education nationale ?Emmanuel Macron
90%
Sous quel Président Roselyne Bachelot a été Ministre de la santé et des sports ?Nicolas Sarkozy
87%
Sous quel Président André Malraux a été Ministre des Affaires culturelles ?Charles de Gaulle
83%
Sous quel Président Bernard Cazeneuve a été Ministre de l'Intérieur ?François Hollande
83%
Sous quel Président Stéphane Le Foll a été Ministre de l'Agriculture ?François Hollande
80%
Sous quel Président Maurice Papon a été Ministre du Budget ?Valéry Giscard d'Estaing
70%
Sous quel Président Alain Peyrefitte a été Garde des Sceaux, Ministre de la justice ?Valéry Giscard d'Estaing
67%
Sous quel Président Frédéric Mitterrand a été Ministre de la culture et de la communication ?Nicolas Sarkozy
57%
Sous quel Président Roland Dumas a été Ministre des Affaires étrangères ?François Mitterrand
53%
Sous quel Président Ségolène Royal a été Ministre de l'Environnement ?François Hollande
43%

Distribution des résultats

Percentile par nombre de réponses

% des personnes avec chaque résultat

Votre développement - résultats

Vous n’avez pas pris ce quiz depuis la dernière actualisation